书目信息 |
| 题名: |
分子生物学实验原理与技术
|
|
| 作者: | 姜静 主编 | |
| 分册: | ||
| 出版信息: | 哈尔滨 东北林业大学出版社 2003.03 |
|
| 页数: | 176页 | |
| 开本: | 26cm | |
| 丛书名: | ||
| 单 册: | ||
| 中图分类: | Q7-33 | |
| 科图分类: | ||
| 主题词: | 分子生物学--fen zi sheng wu xue--实验--高等学校--教材 | |
| 电子资源: | ||
| ISBN: | 7-81076-437-3 | |
| 000 | 00841nam0 2200229 450 | |
| 001 | 012007330058 | |
| 005 | 20070509102600.29 | |
| 010 | @a7-81076-437-3@dCNY20.00 | |
| 100 | @a20070405d2003 km y0chiy0120 ea | |
| 101 | 0 | @achi |
| 102 | @aCN@b230000 | |
| 105 | @aa a 000yy | |
| 200 | 1 | @a分子生物学实验原理与技术@Afen zi sheng wu xue shi yan yuan li yu ji shu@f姜静主编@Fjiang jing zhu bian |
| 210 | @a哈尔滨@c东北林业大学出版社@d2003.03 | |
| 215 | @a176页@c图@d26cm | |
| 320 | @a有书目 (第176页)。 | |
| 330 | @a本书为高等学校教材,介绍了核酸的物理化学性质、核酸的分离提取、核酸电泳技术、核酸酶类、DNA序列分析、分子标记技术、差异表达基因的克隆方法。 | |
| 606 | 0 | @a分子生物学@Afen zi sheng wu xue@x实验@x高等学校@x教材 |
| 690 | @aQ7-33@v4 | |
| 701 | 0 | @a姜静@Ajiang jing@4主编 |
| 801 | 0 | @aCN@c20070509 |
| 905 | @a10447@dQ7-33@eJ512 | |
| 分子生物学实验原理与技术/姜静主编.-哈尔滨:东北林业大学出版社,2003.03 |
| 176页:图;26cm |
| ISBN 7-81076-437-3:CNY20.00 |
| 本书为高等学校教材,介绍了核酸的物理化学性质、核酸的分离提取、核酸电泳技术、核酸酶类、DNA序列分析、分子标记技术、差异表达基因的克隆方法。 |
| ● |
| 相关链接 |
|
|
|
正题名:分子生物学实验原理与技术
索取号:Q7-33/J512
 
预约/预借
| 序号 | 登录号 | 条形码 | 馆藏地/架位号 | 状态 | 备注 |
| 1 | 239814 | 202398146 | 自科库401/401自科库 30排4列4层/ [索取号:Q7-33/J512] | 在馆 | |
| 2 | 239815 | 202398155 | 自科库401/401自科库 30排4列4层/ [索取号:Q7-33/J512] | 在馆 |